Automated reasoning 33 basis research problems /

Salvato in:
Dettagli Bibliografici
Autore principale: Wos, L (Autore)
Natura: Libro
Lingua:inglese
Pubblicazione: Englewood Cliffs : Prentice Hall, 1988
Edizione:1.vyd.
Tags: Aggiungi Tag
Nessun Tag, puoi essere il primo ad aggiungerne!!

MARC

LEADER 00000nam a22000003a 4500
001 stu6064
005 20150617225705.0
008 940607s1988----xxu-----------------eng-d
040 |a STU  |b slo 
041 0 |a eng 
044 |a xxu 
080 |a 681.322.06 
080 |a 519.685  |7 stu_us_auth*stu8263 
080 |a 519.71  |7 stu_us_auth*stu8254 
100 1 |a Wos, L  |4 aut 
245 1 |a Automated reasoning 33 basis research problems /  |c [aut.] Wos,L 
250 |a 1.vyd. 
260 |a Englewood Cliffs :  |b Prentice Hall,  |c 1988 
300 |a 319 s 
996 |c I*13KV3862  |l II680  |s A  |a 24  |w stu6064_0001